00760nam a2200229Ia 4500003000400000005001700004008004100021020002900062040001300091082001900104100001700123245008400140250001100224260002800235300003300263500001900296650003100315650002500346942000900371952013500380999001500515IIN20250506105935.0250506s2024 xx ad 001 0 eng d cRs.995.00a9789356964945 aIINbEng a610.72699bKUM1 aKumari, M.J. 2aAdult Health Nursing: bMedical Surgical Nursing-I (Semester III)/cM.J. Kumari a2nd ed bJaypeeaNew Delhic2024 axxiii,776p./ v. 1bcol. ill. aIncludes Index1 aMedical Surgical vNursing1 aAdult Health Nursing cBOOK 00102ddc40708PURCHaIINbIINcGENd2025-03-11g995.00l0o610.72699 KUMp1991r2025-05-06 11:00:24tv.1/ c-4w2025-05-06yBOOK c1797d1797